Tous les Français champions du monde d'Athlétisme par images - Statistiques

Statistiques générales
  • Ce quiz a été pris 48 fois
  • Le résultat moyen est 10 sur 12
Statistiques - réponses
Par images Hint Réponse % Correct
Décathlon 2017 et 2022 Kevin Mayer
100%
400 m 1991 et 1995 Marie-José Pérec
100%
4 x 400 m Hommes 2003 Leslie Djhone / Naman Keïta / Stéphane Diagana / Marc Raquil / Ahmed Douhou
95%
10 000 m 2025 Jimmy Gressier
92%
400 m haies 1997 Stéphane Diagana
92%
800 m 2017 Pierre-Ambroise Bosse
89%
Triple Saut 2013 Teddy Tamgho
84%
50 km marche 2017 Yohann Diniz
84%
110 m haies 2005 Ladji Doucouré
81%
4 x 100 m Hommes 2005 Ladji Doucouré / Ronald Pognon / Eddy De Lépine / Lueyi Dovy / Oudéré Kankarafou
81%
Heptathlon 1999 et Saut en Hauteur 2003 Eunice Barber
65%
4 x 100 m Femmes 2003 Patricia Girard-Léno / Muriel Hurtis / Sylviane Felix / Christine Arron
65%
Aucun quiz correspondant
Distribution des résultats
% des personnes avec chaque résultat
Percentile par nombre de réponses
Votre historique - résultats
Vous n’avez pas pris ce quiz